| 000 | 00328nam a22001337a 4500 | ||
|---|---|---|---|
| 003 | OSt | ||
| 005 | 20231127172248.0 | ||
| 008 | 231127b |||||||| |||| 00| 0 eng d | ||
| 040 | _cCO-JMCR | ||
| 082 |
_aA / _bCARe |
||
| 100 |
_aCarle Eric _eautor _942658 |
||
| 245 |
_a¿El canguro tiene mamà? / _cEric Carlie |
||
| 942 |
_2ddc _cBK |
||
| 999 |
_c30346 _d16730 |
||